[Event "4NCL/Div4/SCS1 vs. CONQ2"]
[Site "Sunningdale ENG"]
[Date "2007.05.28"]
[Round "11.3"]
[White "Scarry, Herbert"]
[Black "Auckland, Elliott"]
[Result "0-1"]
[WhiteElo "1812"]
[BlackElo "1879"]
[PlyCount "60"]
[EventDate "2007.05.28"]
[EventType "team"]
[EventRounds "11"]
[EventCountry "ENG"]
[WhiteTeam "S C Stars 1"]
[BlackTeam "Conquistadors 2"]

1. c4 e5 2. g3 Nf6 3. Bg2 Bc5 4. Nc3 Nc6 5. a3 a5 6. e3 d6 7. Nge2 Ba7 8. O-O
Be6 9. Nd5 Qd7 10. f4 Ne7 11. Nxe7 Kxe7 12. b3 Bh3 13. Bb2 Rad8 14. Qc2 h5 15.
Rad1 h4 16. fxe5 dxe5 17. Bxe5 Bxg2 18. Kxg2 Qc6+ 19. Kg1 hxg3 20. Bxg3 Ne4 21.
Rf5 f6 22. d4 Qe6 23. Rdf1 Nxg3 24. Nxg3 Qxe3+ 25. Kg2 Rxd4 26. R5f2 Kf7 27.
Qf5 Rd2 28. Ne4 Rxf2+ 29. Rxf2 Rd8 30. Nxf6 Qxf2+ 0-1

[Event "4NCL/Div4/SCS1 vs. CONQ2"]
[Site "Sunningdale ENG"]
[Date "2007.05.28"]
[Round "11.4"]
[White "Winchcombe, Andrew"]
[Black "Clarke, Sean A"]
[Result "1-0"]
[WhiteElo "1895"]
[BlackElo "1800"]
[PlyCount "125"]
[EventDate "2007.05.28"]
[EventType "team"]
[EventRounds "11"]
[EventCountry "ENG"]
[WhiteTeam "Conquistadors 2"]
[BlackTeam "S C Stars 1"]

1. e4 c6 2. d4 d5 3. exd5 cxd5 4. c4 Nf6 5. Nc3 Nc6 6. Be3 g6 7. Bd3 Bg7 8.
Nge2 O-O 9. O-O Nb4 10. cxd5 Nxd3 11. Qxd3 Nxd5 12. Nxd5 Qxd5 13. Nc3 Qf5 14.
Qd2 Rd8 15. Rfd1 b6 16. Qe2 Bb7 17. Rac1 Rac8 18. Rd2 e6 19. Rcd1 Rd7 20. f3
Rcd8 21. Bf2 Qa5 22. a3 Ba6 23. Qe3 Qh5 24. Ne4 Bb7 25. Qe1 Rc8 26. Bg3 Qa5 27.
Qf2 Bd5 28. Qe3 b5 29. Nc5 Rdd8 30. Bh4 Re8 31. Nd7 f5 32. Nf6+ Bxf6 33. Bxf6
Rf8 34. Be7 Rf7 35. Bc5 Qc7 36. Rc2 f4 37. Qc3 a6 38. Rdc1 Qb7 39. Qd2 g5 40.
h3 Rg7 41. Bd6 Rc4 42. Be5 Rg6 43. b3 Rxc2 44. Qxc2 a5 45. Qd3 Bc6 46. Rc5 a4
47. b4 Bd7 48. Rc7 Qd5 49. Qe4 Qxe4 50. fxe4 Be8 51. Kf2 h5 52. Kf3 Rh6 53.
Rg7+ Kf8 54. Rxg5 Rh7 55. Bd6+ Kf7 56. Kxf4 Bd7 57. Ke5 Rh8 58. Bc5 Rh6 59. Rg3
Ke8 60. Rg8+ Kf7 61. Rf8+ Kg6 62. Rf6+ Kg7 63. Bf8+ 1-0

[Event "4NCL/Div4/SCS1 vs. CONQ2"]
[Site "Sunningdale ENG"]
[Date "2007.05.28"]
[Round "11.5"]
[White "Hardy-Wallace, Daniel"]
[Black "Sathiraju, Vijay"]
[Result "1/2-1/2"]
[WhiteElo "1815"]
[BlackElo "1750"]
[PlyCount "61"]
[EventDate "2007.05.28"]
[EventType "team"]
[EventRounds "11"]
[EventCountry "ENG"]
[WhiteTeam "S C Stars 1"]
[BlackTeam "Conquistadors 2"]

1. d4 d5 2. c4 c6 3. Nf3 Nf6 4. g3 g6 5. Bg2 Bg7 6. O-O dxc4 7. Ne5 Ng4 8. f4
O-O 9. Nc3 Nxe5 10. fxe5 f6 11. exf6 exf6 12. d5 Qb6+ 13. Kh1 Rd8 14. Qc2 Kh8
15. Rf4 f5 16. Rxc4 Bd7 17. Bf4 Qa6 18. Ra4 Qb6 19. Ra3 Qc5 20. Rc1 Na6 21. Na4
Qxc2 22. Rxc2 Nb4 23. Rd2 Nxd5 24. Bxd5 cxd5 25. Nc5 b6 26. Nxd7 Rxd7 27. Rad3
Kg8 28. Rxd5 Rxd5 29. Rxd5 Bxb2 30. Rd7 b5 31. Rb7 1/2-1/2

[Event "4NCL/Div4/GREN vs. GUI5"]
[Site "Sunningdale ENG"]
[Date "2007.05.28"]
[Round "11.1"]
[White "Bass, John W"]
[Black "Smart, Michael R"]
[Result "1/2-1/2"]
[WhiteElo "2096"]
[BlackElo "1978"]
[PlyCount "54"]
[EventDate "2007.05.28"]
[EventType "team"]
[EventRounds "11"]
[EventCountry "ENG"]
[WhiteTeam "Grendels Mother"]
[BlackTeam "Guildford-ADC 5"]

1. d4 Nf6 2. Nf3 g6 3. c4 c5 4. d5 d6 5. Nc3 Bg7 6. e4 O-O 7. Be2 e6 8. O-O
exd5 9. cxd5 a6 10. a4 Re8 11. Qc2 Bg4 12. h3 Bxf3 13. Bxf3 Nbd7 14. Bg5 Qc7
15. Rac1 Rab8 16. Be2 c4 17. b3 b5 18. axb5 axb5 19. b4 Qb7 20. Bf4 Ne5 21. Be3
Ra8 22. f4 Ned7 23. Bf3 Ra3 24. Bd4 Nxd5 25. e5 Rxc3 26. Bxc3 Qb6+ 27. Qf2 Nxc3
1/2-1/2

[Event "4NCL/Div4/GREN vs. GUI5"]
[Site "Sunningdale ENG"]
[Date "2007.05.28"]
[Round "11.2"]
[White "Gunn, Michael J"]
[Black "Littlejohns, David P"]
[Result "0-1"]
[WhiteElo "1800"]
[BlackElo "2080"]
[PlyCount "60"]
[EventDate "2007.05.28"]
[EventType "team"]
[EventRounds "11"]
[EventCountry "ENG"]
[WhiteTeam "Guildford-ADC 5"]
[BlackTeam "Grendels Mother"]

1. c4 c6 2. b3 Nf6 3. Bb2 g6 4. g3 Bg7 5. Bg2 O-O 6. Nf3 d5 7. O-O Bg4 8. Ne5
Be6 9. Nc3 Nfd7 10. Nxd7 Qxd7 11. d3 Bh3 12. Na4 Bxg2 13. Bxg7 Bxf1 14. Bxf8
Bxe2 15. Qxe2 Kxf8 16. Re1 Na6 17. Qe5 f6 18. Qf4 Kg7 19. Qe3 e5 20. Kg2 b6 21.
Qe2 Rd8 22. f3 dxc4 23. Rd1 b5 24. Nb2 c3 25. Nc4 bxc4 26. bxc4 Nb4 27. Rb1 c2
28. Rc1 Qxd3 29. Qf2 Qd2 30. Rxc2 Nxc2 0-1

[Event "4NCL/Div4/GREN vs. GUI5"]
[Site "Sunningdale ENG"]
[Date "2007.05.28"]
[Round "11.4"]
[White "Kokossis, Danae"]
[Black "Hibbitt, Arthur M"]
[Result "0-1"]
[WhiteElo "1595"]
[BlackElo "1895"]
[PlyCount "34"]
[EventDate "2007.05.28"]
[EventType "team"]
[EventRounds "11"]
[EventCountry "ENG"]
[WhiteTeam "Guildford-ADC 5"]
[BlackTeam "Grendels Mother"]

1. e4 c5 2. Nf3 Nc6 3. d4 cxd4 4. Nxd4 Qb6 5. Nxc6 bxc6 6. Nc3 d6 7. Bc4 g6 8.
Bb3 Ba6 9. Be3 Qc7 10. Qd2 Bg7 11. f3 h5 12. O-O-O Nf6 13. h4 Nd7 14. f4 Nb6
15. Bf2 Rb8 16. Qe3 Bc4 17. f5 Bh6 0-1

[Event "4NCL/Div4/CONQ3 vs. AMCAH"]
[Site "Sunningdale ENG"]
[Date "2007.05.28"]
[Round "11.1"]
[White "Paul, Barnaby"]
[Black "Lyne, Colin J"]
[Result "1/2-1/2"]
[WhiteElo "1560"]
[BlackElo "2025"]
[PlyCount "92"]
[EventDate "2007.05.28"]
[EventType "team"]
[EventRounds "11"]
[EventCountry "ENG"]
[WhiteTeam "Conquistadors 3"]
[BlackTeam "AMCA Hippos"]

1. e4 e5 2. Nf3 Nc6 3. Bc4 Bc5 4. Nc3 Nf6 5. d3 d6 6. Bg5 Na5 7. Bb3 a6 8. Nd5
c6 9. Nxf6+ gxf6 10. Be3 Nxb3 11. axb3 Bxe3 12. fxe3 f5 13. exf5 Bxf5 14. e4
Bg4 15. O-O Qe7 16. Qd2 Rg8 17. Kh1 Rg6 18. Qe1 Rh6 19. Qg3 Bxf3 20. Rxf3 Rg6
21. Qf2 f6 22. Rg3 Kf7 23. Rf1 Kg7 24. Rxg6+ {=} hxg6 25. Qg3 d5 26. Re1 Rd8
27. exd5 {=} cxd5 28. Kg1 e4 29. c4 Qc5+ 30. Kf1 dxc4 31. dxe4 Rd3 32. Qf2
Qxf2+ 33. Kxf2 Rxb3 34. Re2 b5 35. Ke1 Kf7 36. Kd1 Ke6 37. Kc2 Rd3 38. g4 Ke5
39. Re1 a5 40. Kc1 Rd4 41. h4 Rxe4 42. Rg1 Re2 43. g5 Rf2 44. h5 fxg5 45. hxg6
Kf6 46. Rxg5 Kg7 1/2-1/2

[Event "4NCL/Div4/CONQ3 vs. AMCAH"]
[Site "Sunningdale ENG"]
[Date "2007.05.28"]
[Round "11.2"]
[White "Moore, Andrew"]
[Black "Archer-Lock, Adrian"]
[Result "0-1"]
[WhiteElo "1885"]
[BlackElo "1760"]
[PlyCount "116"]
[EventDate "2007.05.28"]
[EventType "team"]
[EventRounds "11"]
[EventCountry "ENG"]
[WhiteTeam "AMCA Hippos"]
[BlackTeam "Conquistadors 3"]

1. d4 Nf6 2. c4 g6 3. Nc3 Bg7 4. e4 d6 5. Be3 O-O 6. Bd3 Ng4 7. h3 Nxe3 8. fxe3
e5 9. Nf3 Nc6 10. Bc2 Bh6 11. Qe2 Nb4 12. O-O-O exd4 13. Nxd4 Nxc2 14. Kxc2 Qe7
15. Rhf1 Be6 16. Rf3 a6 17. Rg3 Bg7 18. a4 Bd7 19. Qd3 Rac8 20. Rf3 Bxd4 21.
exd4 f5 22. Nd5 Qg7 23. b3 Be6 24. Re1 Bxd5 25. exd5 Rce8 {=} 26. Re6 Re7 27.
Rxe7 Qxe7 28. Re3 Qh4 29. Re2 Qf4 30. b4 Kf7 31. c5 dxc5 32. bxc5 Re8 33. Rxe8
Kxe8 34. c6 bxc6 35. dxc6 Qf2+ 36. Qd2 Qxd2+ 37. Kxd2 Ke7 38. Kc3 Kd6 39. Kb4
Kxc6 40. Ka5 Kb7 41. Kb4 Kb6 42. d5 g5 43. a5+ Kb7 44. Kc4 Kc8 45. Kd4 Kd7 46.
Ke5 g4 47. Kxf5 gxh3 48. gxh3 Kd6 49. Ke4 Kc5 50. Ke5 Kb5 51. h4 Kxa5 52. h5
Kb5 53. h6 a5 54. Kf6 a4 55. Kg7 a3 56. Kxh7 a2 57. Kg8 a1=Q 58. h7 Kc5 0-1

[Event "4NCL/Div4/CONQ3 vs. AMCAH"]
[Site "Sunningdale ENG"]
[Date "2007.05.28"]
[Round "11.3"]
[White "Vandersluis, Ben"]
[Black "Tunstall, George"]
[Result "0-1"]
[WhiteElo "1600"]
[BlackElo "1810"]
[PlyCount "96"]
[EventDate "2007.05.28"]
[EventType "team"]
[EventRounds "11"]
[EventCountry "ENG"]
[WhiteTeam "Conquistadors 3"]
[BlackTeam "AMCA Hippos"]

1. d4 d5 2. c4 c6 3. Nc3 Nf6 4. Nf3 e6 5. e3 Nbd7 6. Bd3 dxc4 7. Bxc4 b5 8. Bd3
a6 9. O-O Bb7 10. e4 c5 11. Re1 cxd4 12. Nxd4 Bc5 13. Be3 O-O 14. Nb3 Bxe3 15.
Rxe3 Ne5 16. f3 Qb6 17. Qe2 Rfd8 18. Rd1 Rd7 19. Kh1 Rad8 20. Bc2 Nc4 21. Red3
Nxb2 22. Rxd7 Nxd7 23. Rb1 Nc4 24. a4 Na3 25. Rb2 Qc7 26. Ra2 Qxc3 27. Rxa3 Qb4
28. Ra1 bxa4 29. Nd2 Qb2 30. Rb1 Qxc2 31. Rxb7 Nf8 32. Rb1 Rxd2 33. Qf1 Rxg2
34. Qxg2 Qxb1+ 35. Qg1 Qxg1+ 36. Kxg1 a3 37. h4 a2 38. Kg2 a1=Q 39. h5 Qb2+ 40.
Kg3 a5 41. h6 gxh6 42. f4 a4 43. f5 exf5 44. exf5 a3 45. f6 a2 46. Kh4 a1=Q 47.
Kh5 Qg2 48. Kxh6 Qah1# 0-1

[Event "4NCL/Div4/CONQ3 vs. AMCAH"]
[Site "Sunningdale ENG"]
[Date "2007.05.28"]
[Round "11.4"]
[White "Krishnan, Anand"]
[Black "Archer-Lock, Philip"]
[Result "1-0"]
[WhiteElo "1810"]
[BlackElo "1540"]
[PlyCount "65"]
[EventDate "2007.05.28"]
[EventType "team"]
[EventRounds "11"]
[EventCountry "ENG"]
[WhiteTeam "AMCA Hippos"]
[BlackTeam "Conquistadors 3"]

1. c4 c5 2. Nc3 Nc6 3. g3 Nf6 4. Bg2 Qc7 5. Nf3 b6 6. d3 Bb7 7. a3 d6 8. Bg5 g6
9. Bxf6 exf6 10. Nd5 Qd8 11. O-O Bg7 12. Rb1 O-O 13. b4 f5 14. Qc2 Ne7 15. Nc3
Qd7 16. bxc5 dxc5 17. Rb3 Bc6 18. Rfb1 Rab8 19. Ne1 Bxg2 20. Nxg2 Nc6 21. Qc1
Na5 22. R3b2 Qd4 23. Rc2 h5 24. Nd5 Rfe8 25. Qd2 Kh7 26. e3 Qe5 27. f4 Qd6 28.
a4 Re6 29. h3 Kg8 {=} 30. Ne1 Qc6 31. Ra2 Kh8 32. Nf3 Rd8 33. Ng5 1-0

[Event "4NCL/Div4/CONQ3 vs. AMCAH"]
[Site "Sunningdale ENG"]
[Date "2007.05.28"]
[Round "11.5"]
[White "Kliger, Daniel"]
[Black "Meechan, Catriona"]
[Result "0-1"]
[WhiteElo "1550"]
[BlackElo "1720"]
[PlyCount "134"]
[EventDate "2007.05.28"]
[EventType "team"]
[EventRounds "11"]
[EventCountry "ENG"]
[WhiteTeam "Conquistadors 3"]
[BlackTeam "AMCA Hippos"]

1. d4 g6 2. Bf4 Bg7 3. Nf3 d6 4. Nc3 Nd7 5. Qd2 c6 6. e4 Qc7 7. d5 Ngf6 8. Be2
O-O 9. Bh6 cxd5 10. exd5 Nb6 11. Bxg7 Kxg7 12. Ng5 Bf5 13. h3 Qc5 14. Bf3 h6
15. g4 Bxc2 16. Nxf7 Rxf7 17. Qxc2 Nbxd5 18. Rc1 Nxc3 19. Qxc3 Qxc3+ 20. Rxc3
e5 21. O-O e4 22. Be2 d5 23. Rd1 Rd8 24. Rd4 Ng8 25. f3 exf3 26. Bxf3 Ne7 27.
Rcd3 Rc8 28. Bxd5 Nxd5 29. Rxd5 Rc1+ 30. Rd1 Rc2 31. R5d2 Rxd2 32. Rxd2 Rc7 33.
Kg2 Kf6 34. h4 Ke5 35. Rf2 Rc4 36. Kg3 h5 37. g5 Rg4+ 38. Kh3 Rf4 39. Re2+ Re4
40. Rf2 Re3+ 41. Kg2 Re4 42. Kh3 Re3+ 43. Kg2 Kd4 44. Rd2+ Rd3 45. Rf2 {=} Ke4
46. Kh2 Rf3 47. Re2+ Kf4 48. Rg2 Ke3 49. Rg1 Rf2+ 50. Rg2 Rxg2+ 51. Kxg2 Kf4
52. Kh3 Kf3 53. b3 a6 54. b4 b6 55. a4 b5 56. axb5 axb5 57. Kh2 Kg4 58. Kg2
Kxh4 59. Kh2 Kxg5 60. Kg3 Kf5 61. Kh4 Kf4 62. Kh3 g5 63. Kh2 Kf3 64. Kh3 Ke3
65. Kg3 Ke4 66. Kh3 Kd4 67. Kg3 Kc4 0-1

[Event "4NCL/Div4/CONQ3 vs. AMCAH"]
[Site "Sunningdale ENG"]
[Date "2007.05.28"]
[Round "11.6"]
[White "McCullough, Simon M"]
[Black "Ynojosa, Angelica M"]
[Result "1-0"]
[WhiteElo "1920"]
[BlackElo "1825"]
[PlyCount "53"]
[EventDate "2007.05.28"]
[EventType "team"]
[EventRounds "11"]
[EventCountry "ENG"]
[WhiteTeam "AMCA Hippos"]
[BlackTeam "Conquistadors 3"]

{Game played for rating only.} 1. Nf3 Nf6 2. d4 d5 3. c4 c6 4. Nc3 dxc4 5. a4
Bf5 6. e3 e6 7. Bxc4 Bd6 8. O-O O-O 9. Re1 Bg4 10. e4 Be7 11. Be3 Qc7 12. Qb3
Nbd7 13. Rac1 Bxf3 14. gxf3 Nb6 15. Bf1 Nbd7 16. Bg2 a6 17. e5 Nh5 18. f4 Qb8
19. Ne4 Rc8 20. Bf3 g6 21. Bxh5 gxh5 22. Qd1 h4 23. Qh5 Nf8 24. Nf6+ Kg7 25.
Kh1 Bxf6 26. exf6+ Kxf6 27. Qg5# 1-0

[Event "4NCL/Div4/ATH2 vs. ADD"]
[Site "Sunningdale ENG"]
[Date "2007.05.28"]
[Round "11.1"]
[White "Ackley, Peter"]
[Black "Siebenhaar, Erich"]
[Result "1/2-1/2"]
[WhiteElo "2117"]
[BlackElo "2127"]
[PlyCount "32"]
[EventDate "2007.05.28"]
[EventType "team"]
[EventRounds "11"]
[EventCountry "ENG"]
[WhiteTeam "Athenaeum 2"]
[BlackTeam "Addlestone"]

{Game played for rating only.} 1. d4 g6 2. c4 Bg7 3. Nc3 d6 4. e4 Nc6 5. Be3 e5
6. d5 Nce7 7. c5 f5 8. Qa4+ Kf8 9. cxd6 cxd6 10. Qa3 Nf6 11. f3 Ne8 12. Bb5 Bd7
13. Nh3 f4 14. Bxd7 Qxd7 15. Bd2 Bf6 16. Ke2 Nc8 1/2-1/2

[Event "4NCL/Div4/ATH2 vs. ADD"]
[Site "Sunningdale ENG"]
[Date "2007.05.28"]
[Round "11.2"]
[White "Dupré, Paul D"]
[Black "Aniecko, Colin"]
[Result "1-0"]
[WhiteElo "2041"]
[BlackElo "1800"]
[PlyCount "83"]
[EventDate "2007.05.28"]
[EventType "team"]
[EventRounds "11"]
[EventCountry "ENG"]
[WhiteTeam "Addlestone"]
[BlackTeam "Athenaeum 2"]

1. d4 Nf6 2. c4 e6 3. Nc3 Bb4 4. e3 Ne4 5. Nge2 b6 6. f3 Nd6 7. a3 Bxc3+ 8.
Nxc3 Bb7 9. Bd3 Qh4+ 10. g3 Qf6 11. Be2 h5 12. e4 Qe7 13. Bf4 Nc6 14. c5 Nc8
15. Nb5 d6 16. cxd6 Nxd6 17. d5 exd5 18. Qxd5 Rd8 19. Nxd6+ cxd6 20. Bb5 Rc8 {=
} 21. Rc1 Qd7 22. O-O a6 23. Ba4 b5 24. Bb3 O-O 25. Qxh5 Nd4 26. Rxc8 Rxc8 27.
Bd1 Rc5 28. Qh4 g6 29. Qf6 Ne6 30. Be3 Rh5 31. f4 Rh7 32. f5 gxf5 33. exf5 Qc6
34. Bf3 Qc2 {=} 35. Rf2 Qb1+ 36. Kg2 Bxf3+ 37. Rxf3 Qc2+ 38. Bf2 Nc5 39. Qg5+
Kf8 40. Qd8+ Kg7 41. Rf4 Rh6 42. Rg4+ 1-0

[Event "4NCL/Div4/ATH2 vs. ADD"]
[Site "Sunningdale ENG"]
[Date "2007.05.28"]
[Round "11.3"]
[White "Wilson, David"]
[Black "Albrecht, Theo"]
[Result "1-0"]
[WhiteElo "1740"]
[BlackElo "2025"]
[PlyCount "147"]
[EventDate "2007.05.28"]
[EventType "team"]
[EventRounds "11"]
[EventCountry "ENG"]
[WhiteTeam "Athenaeum 2"]
[BlackTeam "Addlestone"]

1. e4 d6 2. d4 Nf6 3. Nc3 Nbd7 4. Nf3 e5 5. dxe5 dxe5 6. Bc4 Be7 7. O-O c6 8.
a3 Qc7 9. Bg5 O-O 10. Qe2 Nc5 11. Rad1 b5 12. Ba2 a5 13. Ra1 b4 14. axb4 Ba6
15. b5 Bxb5 16. Nxb5 cxb5 17. Bxf6 Bxf6 18. Bd5 Ra7 19. Rfd1 b4 20. b3 Nd7 21.
Qc4 Qb8 22. Qe2 Nb6 23. Qb5 Nxd5 24. Qxb8 Rxb8 25. Rxd5 Rc8 26. Ne1 Rca8 27.
Rb5 Be7 28. Nd3 f6 29. Nb2 g6 30. Kf1 Ra6 31. Ke2 Kf7 32. f3 Bd8 33. Rb7+ Kg8
34. Rd1 Bb6 35. Rdd7 R6a7 36. Rg7+ Kf8 37. Rgf7+ Ke8 38. Rxh7 Rxb7 39. Rxb7 Bd4
40. Rh7 Ra7 41. Rxa7 Bxa7 42. Nc4 Bd4 43. Nxa5 Kd7 44. Kd3 Bc3 45. Nc4 Kc6 46.
Ne3 Kc5 47. Ng4 f5 48. exf5 gxf5 49. Nf2 Kd5 50. g4 fxg4 51. Nxg4 Be1 52. Ne3+
Ke6 53. Ke4 Bc3 54. h4 Bd4 55. h5 Bc5 56. h6 Bf8 57. h7 Bg7 58. Nd5 Kf7 59.
Nxb4 Kg6 60. Nc6 Kxh7 61. Nxe5 Bf8 62. c3 Kg7 63. b4 Bd6 64. b5 Kf6 65. f4 Ke7
66. c4 Ke6 67. f5+ Ke7 68. Nd3 Kd7 69. Ne5+ Kc7 70. f6 Kb6 71. Nd3 Bf8 72. f7
Be7 73. Kd5 Kc7 74. Ne5 1-0

[Event "4NCL/Div4/ATH2 vs. ADD"]
[Site "Sunningdale ENG"]
[Date "2007.05.28"]
[Round "11.4"]
[White "Klein, Cornelia"]
[Black "Foster, James M"]
[Result "1/2-1/2"]
[WhiteElo "1881"]
[BlackElo "1665"]
[PlyCount "99"]
[EventDate "2007.05.28"]
[EventType "team"]
[EventRounds "11"]
[EventCountry "ENG"]
[WhiteTeam "Addlestone"]
[BlackTeam "Athenaeum 2"]

1. e4 e6 2. d4 d5 3. Nd2 Nf6 4. Bd3 c5 5. c3 Nc6 6. Ngf3 Qb6 7. O-O Be7 8. Re1
cxd4 9. exd5 Nxd5 10. Nc4 Qc7 11. cxd4 O-O 12. Ne3 Bf6 13. Ng4 Be7 14. a3 b6
15. Bg5 Bd6 16. Rc1 Bb7 17. Bh4 Qd7 18. Bb5 f6 19. Qe2 Rfe8 20. Ne3 Nf4 21. Qd2
a6 22. Bc4 b5 23. Ba2 Ne7 24. Qd1 Kh8 25. Bg3 Neg6 26. d5 Nxd5 27. Nxd5 exd5
28. Rxe8+ Rxe8 29. Bxd5 Bxg3 30. Bxb7 Bxf2+ 31. Kxf2 Qxb7 32. Rc2 h6 33. Rd2
Nf4 34. Rd7 Qb6+ 35. Kf1 Qe6 36. Rd2 Qc4+ 37. Kf2 g5 38. Rd8 Qc5+ 39. Kf1 Qe7
40. Rxe8+ Qxe8 41. g3 Ng6 42. Qd6 Qe7 43. Qxa6 Ne5 {=} 44. Qc8+ Kg7 45. Nd4 Qf7
46. Nf5+ Kg6 47. Nd6 Qd5 48. Qe8+ Kh7 49. Qe7+ Kg6 50. Qe8+ 1/2-1/2

[Event "4NCL/Div4/ATH2 vs. ADD"]
[Site "Sunningdale ENG"]
[Date "2007.05.28"]
[Round "11.5"]
[White "Foster, Chantelle L"]
[Black "Zemke, Christine"]
[Result "0-1"]
[WhiteElo "1355"]
[BlackElo "1755"]
[PlyCount "90"]
[EventDate "2007.05.28"]
[EventType "team"]
[EventRounds "11"]
[EventCountry "ENG"]
[WhiteTeam "Athenaeum 2"]
[BlackTeam "Addlestone"]

1. e4 d5 2. exd5 Qxd5 3. Nc3 Qd8 4. Nf3 Bg4 5. Bc4 e6 6. d3 Nf6 7. Bg5 Be7 8.
O-O O-O 9. h3 Bh5 10. Re1 Nbd7 11. Ne4 Nxe4 12. Bxe7 Qxe7 13. dxe4 Ne5 14. Be2
Rad8 15. Nd2 Bxe2 16. Qxe2 Qb4 17. Nb3 Qb6 18. Rad1 a5 19. Rxd8 Rxd8 20. Rd1 c6
21. Rxd8+ Qxd8 22. Nc5 Qb6 23. Na4 Qd4 24. b3 h6 25. c3 Qd8 26. b4 axb4 27.
cxb4 Qd4 28. Qe1 Nd3 29. Qd2 Qxe4 30. a3 Ne5 31. Nc5 Qb1+ 32. Kh2 b5 33. Qd6
Qf5 34. Nb3 Qf4+ 35. Kh1 Qe4 36. Na5 g5 37. f3 Qd5 38. Qb8+ Kg7 39. Qc7 Kf6 40.
Kg1 Qd4+ 41. Kf1 Nd3 42. Ke2 Nf4+ 43. Ke1 Qd3 44. Kf2 Qe2+ 45. Kg3 Qxg2# 0-1

[Event "4NCL/Div4/ATH2 vs. ADD"]
[Site "Sunningdale ENG"]
[Date "2007.05.28"]
[Round "11.6"]
[White "Ashworth, Alex J"]
[Black "Foster, Caroline"]
[Result "1/2-1/2"]
[WhiteElo "1735"]
[BlackElo "1490"]
[PlyCount "92"]
[EventDate "2007.05.28"]
[EventType "team"]
[EventRounds "11"]
[EventCountry "ENG"]
[WhiteTeam "Addlestone"]
[BlackTeam "Athenaeum 2"]

{Game played for rating only.} 1. e4 d5 2. exd5 Qxd5 3. Nc3 Qa5 4. d4 c6 5. Nf3
Bf5 6. Bd2 Nf6 7. Bc4 e6 8. O-O Bb4 9. a3 Bxc3 10. Bxc3 Qc7 11. Re1 O-O 12. h3
Nbd7 13. Bd3 Bg6 14. Bxg6 hxg6 15. Ne5 Rad8 16. Qf3 Nd5 17. Bd2 c5 18. c4 N5b6
19. Bf4 Qc8 20. dxc5 Nxc5 21. b4 Ncd7 22. c5 Nd5 23. Bh2 Nxe5 24. Rxe5 Rd7 25.
Rd1 Rfd8 26. Rd4 Nf6 27. Rxd7 Qxd7 28. Re1 Qd4 29. Be5 Qd2 30. Qe2 Qxe2 31.
Rxe2 Rd3 32. Re3 Rd1+ 33. Kh2 Rf1 34. f3 Nd5 35. Rd3 f6 36. Bb8 a6 37. Ba7 Rc1
38. Kg3 Kf7 39. Kh2 Ke7 40. Kg3 f5 41. Bb8 Re1 42. Kf2 Ra1 43. Be5 Ra2+ 44. Kf1
Kf7 45. Rb3 Rc2 46. g3 g5 1/2-1/2